[Event "Asian Academies Hybrid Chess-ch 2021"]
[Site "Tornelo"]
[Date "2021.11.21"]
[Round "5.4"]
[White "Ajami, Kiyana"]
[Black "Khaled waleed Abdullah"]
[Result "0-1"]
[WhiteElo "1170"]
[BlackElo "1568"]
[Annotator "NA RC"]
[PlyCount "82"]
[EventDate "2021.11.21"]
[EventCountry "NET"]
[SourceTitle "playchess.com"]
[Source "ChessBase"]
[SourceQuality "1"]
[TimeControl "3600+30"]

1. d4 {[%emt 0:03:41]} Nf6 {[%emt 0:00:42]} 2. Nf3 {[%emt 0:00:18]} e6 {[%emt 0:00:05]} 3. e3 {[%emt 0:00:35]} d5 {[%emt 0:00:15]} 4. Bd3 {[%emt 0:00:05]} Be7 {[%emt 0:00:22]} 5. O-O {[%emt 0:01:48]} O-O {[%emt 0:00:05]} 6. Ne5 {[%emt 0:00:08]} c5 {[%emt 0:00:19]} 7. c3 {[%emt 0:00:03]} Nc6 {[%emt 0:00:16]} 8. f4 {[%emt 0:00:19]} Qc7 {[%emt 0:04:38]} 9. Nd2 {[%emt 0:00:39]} b6 {[%emt 0:01:52]} 10. a3 {[%emt 0:01:08]} Bb7 {[%emt 0:01:27]} 11. Qe2 {[%emt 0:05:29]} Rac8 {[%emt 0:04:46]} 12. e4 {[%emt 0:00:36]} cxd4 {[%emt 0:03:03]} 13. exd5 {[%emt 0:03:01]} Nxd5 {[%emt 0:08:18]} 14. cxd4 {[%emt 0:02:32]} Nxd4 {[%emt 0:02:23]} 15. Qd1 {[%emt 0:04:49]} Bc5 {[%emt 0:07:40]} 16. Kh1 {[%emt 0:00:39]} Ne3 {[%emt 0:01:28]} 17. Bxh7+ {[%emt 0:04:35]} Kxh7 {[%emt 0:00:07]} 18. Qh5+ {[%emt 0:00:05]} Kg8 {[%emt 0:00:02]} 19. Rf2 {[%emt 0:02:23]} Bd6 {[%emt 0:03:23]} 20. Ndf3 {[%emt 0:02:23]} Nxf3 {[%emt 0:06:54]} 21. Nxf3 {[%emt 0:01:09]} Bxf3 {[%emt 0:00:20]} 22. Qxf3 {[%emt 0:03:28]} Qxc1+ {[%emt 0:00:16]} 23. Rxc1 {[%emt 0:00:05]} Rxc1+ {[%emt 0:00:03]} 24. Rf1 {[%emt 0:00:02]} Rxf1+ {[%emt 0:00:03]} 25. Qxf1 {[%emt 0:00:02]} Nxf1 {[%emt 0:00:02]} 26. Kg1 {[%emt 0:00:01]} Ne3 {[%emt 0:00:03]} 27. Kf2 {[%emt 0:00:03]} Nd1+ {[%emt 0:00:02]} 28. Ke2 {[%emt 0:00:05]} Nxb2 {[%emt 0:00:03]} 29. f5 {[%emt 0:00:04]} exf5 {[%emt 0:00:02]} 30. Kf3 {[%emt 0:00:06]} Bxa3 {[%emt 0:00:03]} 31. Kg3 {[%emt 0:00:02]} Bd6+ {[%emt 0:00:03]} 32. Kh3 {[%emt 0:00:04]} a5 {[%emt 0:00:02]} 33. g3 {[%emt 0:00:11]} a4 {[%emt 0:00:06]} 34. Kh4 {[%emt 0:00:02]} a3 {[%emt 0:00:02]} 35. h3 {[%emt 0:00:03]} a2 {[%emt 0:00:02]} 36. g4 {[%emt 0:00:04]} a1=Q {[%emt 0:00:07]} 37. Kh5 {[%emt 0:00:05]} g6+ {[%emt 0:00:04]} 38. Kg5 {[%emt 0:00:05]} Qc1+ {[%emt 0:00:32]} 39. Kf6 {[%emt 0:00:15]} Qc3+ {[%emt 0:00:06]} 40. Kg5 {[%emt 0:00:09]} Qe3+ {[%emt 0:00:03]} 41. Kh4 {[%emt 0:00:07]} Qh6# {[%emt 0:00:03]} 0-1